Los mejores paisajes [ (Record no. 82272)

MARC details
000 -LEADER
campo de control de longitud fija 00884nam a2200229 i 4500
001 - NÚMERO DE CONTROL
campo de control 82272
003 - IDENTIFICADOR DE NÚMERO DE CONTROL
campo de control ES-MaACL
005 - FECHA Y HORA DE LA ÚLTIMA TRANSACCIÓN
campo de control 20230906174639.0
007 - CAMPO FIJO DE DESCRIPCIÓN FÍSICA--INFORMACIÓN GENERAL
campo de control de longitud fija t|
008 - DATOS DE LONGITUD FIJA--INFORMACIÓN GENERAL
campo de control de longitud fija 041214s2002 sp ||||1| spa d
020 ## - NÚMERO INTERNACIONAL ESTÁNDAR DEL LIBRO
Número Internacional Estándar del Libro 84-95170-37-X
080 ## - NÚMERO DE LA CLASIFICACIÓN DECIMAL UNIVERSAL
Número de la Clasificación Decimal Universal 75.047.01(086)
245 04 - MENCIÓN DEL TÍTULO
Título Los mejores paisajes [
Medio Recurso electrónico].
260 ## - PUBLICACIÓN, DISTRIBUCIÓN, ETC.
Lugar de publicación, distribución, etc. Madrid :
Nombre del editor, distribuidor, etc. Dolmen,
Fecha de publicación, distribución, etc. [2001]
300 ## - DESCRIPCIÓN FÍSICA
Extensión 1 disco compacto (CD-ROM) :
Otras características físicas son., col. ;
Dimensiones 12 cm.
490 1# - MENCIÓN DE SERIE
Mención de serie Obras maestras ;
Designación de volumen o secuencia 8. Pintura
500 ## - NOTA GENERAL
Nota general Requisitos mínimos: PC Pentium II a 200 Mhz; 32 Mb. de RAM; Tarjeta gráfica de 4 Mb. (1024x768,16 bits) y monitor 1024 x 768; CD-Rom 16x o superiores; Tarjeta de sonido; Funciona con sistema Operativo Windows 95 o posterior.
650 #4 - PUNTO DE ACCESO ADICIONAL DE MATERIA--TÉRMINO DE MATERIA
Término de materia o nombre geográfico como elemento de entrada Pintura de paisaje-
Subdivisión de forma CD-ROM.
9 (RLIN) 16029
830 0# - PUNTO DE ACCESO ADICIONAL DE SERIE-TÍTULO UNIFORME
Título uniforme Obras maestras ;
Designación de volumen o secuencia 8. Pintura
9 (RLIN) 181001
852 ## - LOCALIZACIÓN
Ubicación ES-MaACL
Número de control de estantería ROT 1/1/7
Holdings
Estatus retirado Estado de pérdida Fuente del sistema de clasificación o colocación Estado de daño No para préstamo Biblioteca de origen Biblioteca actual Ubicación en estantería Fecha de adquisición Total de préstamos Signatura topográfica completa Código de barras Visto por última vez Precio de reemplazo Tipo de ítem Koha
    Clasificación decimal universal     Biblioteca del Ateneo de Madrid Biblioteca del Ateneo de Madrid Depósito 17/01/2008   ROT 1/1/7 1085984 23/02/2023 23/02/2023 Archivo de ordenador en CD-ROM, CD o disquete